Hechos y ficciones de la globalización /
Gorde:
| Egile nagusia: | |
|---|---|
| Formatua: | Texto |
| Gaiak: | |
| Etiketak: |
Etiketa erantsi
Etiketarik gabe, Izan zaitez lehena erregistro honi etiketa jartzen!
|
MARC
| LEADER | 00000 a a2200000 04500 | ||
|---|---|---|---|
| 001 | 2543 | ||
| 003 | |||
| 040 | |||
| 100 | |a Ferrer, Aldo | ||
| 245 | |a Hechos y ficciones de la globalización / |c Aldo Ferrer | ||
| 650 | |a LIBERALIZACION DEL INTERCAMBIO | ||
| 650 | |a DESARROLLO ECONOMICO Y SOCIAL | ||
| 650 | |a MERCADO FINANCIERO | ||
| 650 | |a COMERCIO MUNDIAL | ||
| 650 | |a LIBRE COMERCIO | ||
| 773 | |g número 53; páginas 157-173 | ||
| 999 | |c 22087 |d 22087 | ||
